| 000 | 00393nam a2200157Ia 4500 | ||
|---|---|---|---|
| 008 | 230917s9999||||xx |||||||||||||| ||und|| | ||
| 040 |
_e102645 _aMAIN |
||
| 041 | _aEnglish | ||
| 082 | _a658 R211E | ||
| 100 | _aRay, Arabinda | ||
| 245 | 0 | _aFifty years of indian management: an insiders view | |
| 250 | _a1st ed. | ||
| 260 |
_aNew Delhi _bOxford _c1999 |
||
| 300 | _a115p p. | ||
| 942 | _cBK | ||
| 999 |
_c117238 _d117238 |
||